书目信息 |
| 题名: |
复合材料
|
|
| 作者: | 陈华辉 , 刘瑞平 , 汪长安 主编 | |
| 分册: | ||
| 出版信息: | 北京 北京大学出版社 2021 |
|
| 页数: | 325页 | |
| 开本: | 26cm | |
| 丛书名: | ||
| 单 册: | ||
| 中图分类: | TB33-43 , TB33 | |
| 科图分类: | ||
| 主题词: | 复合材料--高等学校--教材 | |
| 电子资源: | ||
| ISBN: | 978-7-301-32551-3 | |
| 000 | 01099nam0 2200277 450 | |
| 001 | 2230080359 | |
| 005 | 20220929082146.85 | |
| 010 | @a978-7-301-32551-3@dCNY69.00 | |
| 100 | @a20220114d2021 em y0chiy50 ea | |
| 101 | 0 | @achi |
| 102 | @aCN@b110000 | |
| 105 | @aa az 000yy | |
| 200 | 1 | @a复合材料@9fu he cai liao@f陈华辉,刘瑞平,汪长安主编 |
| 210 | @a北京@c北京大学出版社@d2021 | |
| 215 | @a325页@c图@d26cm | |
| 300 | @a北大社·“十三五”普通高等教育本科规划教材 高等院校材料专业“互联网+”创新规划教材 | |
| 320 | @a有书目(第322-325页) | |
| 330 | @a“复合材料”是高等教育材料科学与工程、机械工程类相关专业的技术基础课。本书从增强材料及增强原理出发,系统地介绍了聚合物基、金属基、陶瓷基、碳基复合材料的制备方法、性能及应用。本书不仅注重复合材料基础知识,而且从实际应用考虑,系统地介绍了各种复合材料的制备方法和性能。 | |
| 606 | 0 | @a复合材料@x高等学校@j教材 |
| 690 | @aTB33-43@v5 | |
| 690 | @aTB33@v4 | |
| 701 | 0 | @a陈华辉@9Chen Hua hui@4主编 |
| 701 | 0 | @a刘瑞平@9liu rui ping@4主编 |
| 701 | 0 | @a汪长安@9wang chang an@4主编 |
| 801 | 0 | @aCN@b91MARC@c20220225 |
| 905 | @aZUCC@dTB33@e3 | |
| 复合材料/陈华辉,刘瑞平,汪长安主编.-北京:北京大学出版社,2021 |
| 325页:图;26cm |
| 北大社·“十三五”普通高等教育本科规划教材 高等院校材料专业“互联网+”创新规划教材 |
| ISBN 978-7-301-32551-3:CNY69.00 |
| “复合材料”是高等教育材料科学与工程、机械工程类相关专业的技术基础课。本书从增强材料及增强原理出发,系统地介绍了聚合物基、金属基、陶瓷基、碳基复合材料的制备方法、性能及应用。本书不仅注重复合材料基础知识,而且从实际应用考虑,系统地介绍了各种复合材料的制备方法和性能。 |
| ● |
| 相关链接 |
|
|
|
正题名:复合材料
索取号:TB33/3
 
预约/预借
| 序号 | 登录号 | 条形码 | 馆藏地/架位号 | 状态 | 备注 |
| 1 | 2000905666 | 2000905666 | 第三书库/ [索取号:TB33/3] | 在馆 | |
| 2 | 2000905667 | 2000905667 | 第三书库/ [索取号:TB33/3] | 在馆 | |
| 3 | 2000905668 | 2000905668 | 第三书库/ [索取号:TB33/3] | 在馆 |